| 000 | 00950nam a22002417a 4500 | ||
|---|---|---|---|
| 001 | 84349 | ||
| 003 | BD-RjUL | ||
| 005 | 20241124105951.0 | ||
| 008 | 241124s20021964ii ||||| |||| 00| 0 ben d | ||
| 020 | _c8176129933 | ||
| 035 | _a(BD-RjUL)84349 | ||
| 040 |
_aBD-RjUL _bben _cBD-RjUL |
||
| 041 | _aben | ||
| 082 |
_223 _a891.44209 _bBHN 2002 |
||
| 100 |
_aভট্টাচার্য, সাধনকুমার _9124709 |
||
| 245 | 1 | 0 |
_aনাটকের রূপ রীতি ও প্রয়োগ / _cসাধনকুমার ভট্টাচার্য |
| 250 | _a১ম 'দেজ সং. | ||
| 260 |
_aকলিকাতা : _bদে'জ পাবলিশিং, _c২০০২ |
||
| 300 |
_a১৫২ পৃ. ; _c২২ সেমি. |
||
| 650 |
_aবাংলা নাটক _xইতিহাস ও সমালোচনা _9123674 |
||
| 650 |
_aBengali Drama _xHistory & Criticism _9127231 |
||
| 942 |
_2ddc _cBK |
||
| 999 |
_c84349 _d84349 |
||